00450 2200193 4500001002100000005001500021035002000036008004100056245003100097100001600128250000600144260003800150300001200188084001400200082000800214650001000222990001200232990001200244INLIS00000000000097720240530090423 a0010-0524000212240530 1 ind 1 aDe' Jurnalis /cVery Barus aBarus, Very a1 aYogyakarta :bSheila/ Andi,c2010 a124 hlm a813 VER d a813 4aFiksi a0741708 a0741709